00960 2200361 4500001002100000005001500021035002000036007000300056040001700059100002800076245004100104250001200145300004000157504002500197020001800222041000800240082001000248084001600258090002000274264003800294336002100332337003000353338002300383500001900406650001500425850001000440008004100450990002500491990002500516990002500541990001600566990001600582INLIS00000000000624520260418111721 a0010-0322000489ta aSBPUPADbInd0 aRadiks PurbaePengarang1 aAngkutan Muatan Laut /cRadiks Purba a.-Cet.1 axix,418 hlm. :bilus. ;c14x20,5 cm aBibliografi, hal 417 a979-518-679-5 aInd a359.3 a359.3 RAD a a359.3 RAD a 7-6 a.--Jakarta :bRineka Cipta,c1997 2rdacontentaTeks 2rdamediaaTanpa Perantara 2rdacarrieravolume aProfil Penulis 4aKapal-Laut aPUPAD260418 0  a6608/BR/ARPUS-PDG/07 a6609/BR/ARPUS-PDG/07 a6607/BR/ARPUS-PDG/07 a00000039640 a00000039641